| 000 | 00617nam a2200205Ia 4500 | ||
|---|---|---|---|
| 005 | 20251020182533.0 | ||
| 008 | 200515s9999 xx 000 0 und d | ||
| 082 | _a712.36/J79 | ||
| 100 | _aJOYCE, David | ||
| 245 | 0 | _aBalcones y ventanas floridos | |
| 260 | _aBarcelona | ||
| 260 | _c1995 | ||
| 500 | _a1 ejemplar | ||
| 520 | _aIdeas para conseguir vistosos balcones y ventanas con recipientes y macetas. Guía detallada de plantas con extensas descripciones de las más adecuadas para balcones y ventanas | ||
| 650 | _aBALCONES | ||
| 650 | _aJARDNES | ||
| 650 | _aLIB | ||
| 650 | _aPLANTAS | ||
| 942 | _cLIB | ||
| 999 |
_c2129 _d2129 |
||